Geography General Knowledge Quiz #3 - Statistics

General Stats
  • This quiz has been taken 47 times
  • The average score is 7 of 11
Answer Stats
Hint Answer % Correct
What country is Transylvania part of? Romania
97%
What country modernly was formerly called the 'Republic of China' Taiwan
95%
What is the newest country on Earth as of 2026? South Sudan
90%
Which sea did the Roman Empire mostly/completely encircle? Mediterranean Sea
87%
What country ONLY borders Switzerland and Austria? Liechtenstein
85%
Which country in Central America has a lake? Nicaragua
72%
Which country in Africa starting with a G was colonized by the Portugese? Guinea-Bissau
69%
What pact was created by the Soviet Union to counterract NATO during the cold war? Warsaw Pact
49%
What is the capital of Ivory Coast? Yamoussoukro
38%
BONUS: What state is Isle Royale part of? Michigan
28%
Which country produces the most Uranium? Kazakhstan
13%
No matching quizzes found
Score Distribution
Percent of People with Each Score
Percentile by Number Answered
Your Score History
You have not taken this quiz